El principio "non bis in idem"

Bibliographic Details
Main Author: Lopez Barja de Quiroga, Jacobo
Format: Unknown
Language:Spanish
Published: Madrid : Dykinson, 2004
Subjects:
Online Access:Acceso restringido

MARC

LEADER 00000ny a22000003n 4500
005 20110621105053.0
006 m u
007 cr cn|||||||||
008 200508r2004 sp |||||s|||||||||||spa d
020 |a 9788497723770 
035 |a 597 
040 |a FlNmELB  |c FlNmELB  |d vlex 
050 1 4 |a K5101  |b L925 2004eb 
080 |a 343.13 
090 |c 1336  |d 1336 
100 1 |a Lopez Barja de Quiroga, Jacobo 
245 1 3 |a El principio "non bis in idem"  |h [Recurso electrn̤ico]  |c Jacobo Lopez Barja de Quiroga 
256 |a Servicio en ln̕ea 
260 |a Madrid :  |b Dykinson,  |c 2004 
300 |a 9-257 p 
506 1 |a Contenido solo disponible en los productos indicados  |d vLex Global  |d vLex Global (Academic Edition, excluding Law Schools)  |d vLex Global (U.S. Academic Edition, Law Schools)  |d vLex Global (U.S. Academic Edition, excluding Law Schools)  |d vLex Global (Academic Edition, Law Schools) 
650 0 7 |2 Tesauro vLex  |a Non bis in idem 
650 0 7 |2 Tesauro vLex  |a Penal 
740 0 |a vLex Libros (Servicios en ln̕ea) 
856 4 0 |z Acceso restringido  |u http:/vlex.com/source/597 
942 |c BOOK